000 004920000a22001810004500
999 _c49346
_d49346
001 2200
003 CO-MdFUSB
005 20180228154933.0
008 180228b xxu||||| |||| 00| 0 eng d
020 _a978-84-683-0180-8
040 _cCO-MdBIC
082 0 4 _a863C F182e
100 1 _aCristina Falcón Maldonado
245 1 0 _a1,2,3 de repente en: EGIPTO El ojo de Horus
260 _aEspaña : Edebé
505 0 0 _a1,2,3 de repente en: CHINA -- EGIPTO -- MÉXICO -- BRAZIL
942 _cLGB